Southville International School and Colleges
Your cart is empty.
  • Cart
  • Lists
    Public lists Eva Luna New books Lux_list list_1
    Your lists Log in to create your own lists
  • Log in to your account
  • Your cookies
  • Search history
Southville International School and Colleges
  • Advanced search
  • Recent comments
  • Most popular
  • Libraries

Log in to your account

Log in with GOOGLE


If you do not have an external account, but do have a local account, you can still log in:

  1. Home
  2. MARC view: Running on empty and looking for the nearest exit
Normal view MARC view ISBD view

Running on empty and looking for the nearest exit (Record no. 16386)

[ view plain ]
MARC details
000 -LEADER
fixed length control field 01103pam a2200349 a 4500
001 - CONTROL NUMBER
control field 1144864
003 - CONTROL NUMBER IDENTIFIER
control field OSt
005 - DATE AND TIME OF LATEST TRANSACTION
control field 20140310182820.0
008 - FIXED-LENGTH DATA ELEMENTS--GENERAL INFORMATION
fixed length control field 951004s1995 mnu b 000 0 eng
010 ## - LIBRARY OF CONGRESS CONTROL NUMBER
LC control number 95039285
020 ## - INTERNATIONAL STANDARD BOOK NUMBER
International Standard Book Number 0800787196
040 ## - CATALOGING SOURCE
Original cataloging agency DLC
Transcribing agency DLC
Modifying agency DLC
050 00 - LIBRARY OF CONGRESS CALL NUMBER
Classification number HQ 1206
Item number .C466 1995
082 00 - DEWEY DECIMAL CLASSIFICATION NUMBER
Classification number M 646.70082
Item number C466 1995
100 1# - MAIN ENTRY--PERSONAL NAME
Personal name Chapman, Annie.
245 10 - TITLE STATEMENT
Title Running on empty and looking for the nearest exit
Statement of responsibility, etc Chapman, Annie
260 ## - PUBLICATION, DISTRIBUTION, ETC. (IMPRINT)
Place of publication, distribution, etc Minneapolis, Minn.
Name of publisher, distributor, etc Bethany House Publishers
Date of publication, distribution, etc c1995
300 ## - PHYSICAL DESCRIPTION
Extent 175 p.
Dimensions 21 cm.
504 ## - BIBLIOGRAPHY, ETC. NOTE
Bibliography, etc Includes bibliographical references.
521 ## - TARGET AUDIENCE NOTE
Target audience note
526 ## - STUDY PROGRAM INFORMATION NOTE
Reading level 0L -1700L
541 ## - IMMEDIATE SOURCE OF ACQUISITION NOTE
-- 1
562 ## - COPY AND VERSION IDENTIFICATION NOTE
Number of copies 1
650 #0 - SUBJECT ADDED ENTRY--TOPICAL TERM
Topical term or geographic name as entry element Women
General subdivision Psychology.
650 #0 - SUBJECT ADDED ENTRY--TOPICAL TERM
Topical term or geographic name as entry element Housewives
General subdivision Psychology.
650 #0 - SUBJECT ADDED ENTRY--TOPICAL TERM
Topical term or geographic name as entry element Women
General subdivision Religious life.
650 #0 - SUBJECT ADDED ENTRY--TOPICAL TERM
Topical term or geographic name as entry element Housewives
General subdivision Religious life.
650 #0 - SUBJECT ADDED ENTRY--TOPICAL TERM
Topical term or geographic name as entry element Self-sacrifice.
906 ## - LOCAL DATA ELEMENT F, LDF (RLIN)
a 7
b cbc
c orignew
d 1
e ocip
f 19
g y-gencatlg
942 ## - ADDED ENTRY ELEMENTS (KOHA)
Source of classification or shelving scheme Library of Congress Classification
Koha item type Books
Call number prefix
Holdings
Withdrawn status Lost status Source of classification or shelving scheme Damaged status Home library Current library Shelving location Date acquired Total Checkouts Full call number Barcode Date last seen Copy number Price effective from Koha item type
    Library of Congress Classification   College Library College Library General Circulation Section 03/04/2013   HQ 1206 .C466 1995 c14108 05/15/2018 1 03/04/2013 Books

Running on empty and looking for the nearest exit

APA

Chapman A., . (1995). Running on empty and looking for the nearest exit. Minneapolis, Minn: Bethany House Publishers.

Chicago

Chapman Annie, . 1995. Running on empty and looking for the nearest exit. Minneapolis, Minn: Bethany House Publishers.

Harvard

Chapman A., . (1995). Running on empty and looking for the nearest exit. Minneapolis, Minn: Bethany House Publishers.

MLA

Chapman Annie, . Running on empty and looking for the nearest exit. Minneapolis, Minn: Bethany House Publishers. 1995.

  • Place hold
  • Print
  • Cite
  • Add to your cart (remove)
  • Save record
    BIBTEX Dublin Core MARCXML MARC (non-Unicode/MARC-8) MARC (Unicode/UTF-8) MARC (Unicode/UTF-8, Standard) MODS (XML) RIS
  • More searches
    Search for this title in:
    Other Libraries (WorldCat) Other Databases (Google Scholar) Online Stores (Bookfinder.com) Open Library (openlibrary.org)

Exporting to Dublin Core...

SOUTHVILLE LIBRARY

Southville International School and Colleges Library

1281 Tropical Ave. Cor. Luxembourg St., BF Homes International, Las Pinas City

Tel. No. 8256374 / 252358 Loc. 117/146

Powered by Koha